LEADER 00782nam0 2200265 450 001 000016671 005 20080930095214.0 100 $a20080930d1974----km-y0itay50------ba 101 0 $aita 102 $aIT 105 $aa-------001yy 200 1 $aLezioni di analisi microeconomica$fI. Cutolo 210 $aNapoli$cIstituto universitario orientale$d1974 215 $a143 p.$cill.$d24 cm 610 1 $aEconomia 610 1 $aMicroeconomia 676 $a330$v17$9Economia 676 $a330$v18$9Economia 676 $a338.5$v18$9Economia della produzione 700 1$aCutolo,$bItalo$03212 801 0$aIT$bUNIPARTHENOPE$c20080930$gRICA$2UNIMARC 912 $a000016671 951 $a022/88$b4955$cNAVA2 996 $aLezioni di analisi microeconomica$91201875 997 $aUNIPARTHENOPE LEADER 01435nam0 22003011i 450 001 UON00392479 005 20231205104618.959 010 $a88-420-2588-7 100 $a20110511d1985 |0itac50 ba 101 $aita 102 $aIT 105 $a|||| ||||| 200 1 $aCondizioni economiche e amministrative delle provincie napoletane$eappunti di viaggio, diario del viaggio$fLeopoldo Franchetti$ga cura di Antonio Jannazzo - Roma$gBari$eLaterza, 1985 - XXXII, 393 p. ; 22 cm. 410 1$1001UON00171745$12001 $aCollezione di Studi Meridionali$1210 $aRoma$aBari$cLaterza 606 $aItalia meridionale$xCondizioni economiche e sociali$xSec. 19.$xDiari e memorie$3UONC078194$2FI 606 $aItalia meridionale$xDescrizione e viaggi$xSec. 19.$3UONC078195$2FI 620 $aIT$dRoma$3UONL000004 620 $aIT$dBari$3UONL000072 676 $a945.7$cRegno di Napoli, 1266-1815$v21 700 1$aFRANCHETTI$bLeopoldo$3UONV055614$0120289 702 1$aJANNAZZO$bAntonio$3UONV114907 712 $aLaterza$3UONV276725$4650 801 $aIT$bSOL$c20250808$gRICA 899 $aSIBA - SISTEMA BIBLIOTECARIO DI ATENEO$2UONSI 912 $aUON00392479 950 $aSIBA - SISTEMA BIBLIOTECARIO DI ATENEO$dSI FS 04496 $eSI FP 3825 5 996 $aCondizioni economiche e amministrative delle provincie napoletane$972044 997 $aUNIOR